[Event "FIDE Chesscom Grand Swiss 2021"]
[Site "Riga"]
[Date "2021.11.05"]
[Round "9.30"]
[White "Antipov, Mikhail Al."]
[Black "Tabatabaei, M. Amin"]
[Result "1-0"]
[WhiteElo "2619"]
[BlackElo "2639"]
[Annotator "TA"]
[PlyCount "115"]
[EventDate "2021.10.27"]
[EventType "swiss"]
[EventCountry "LAT"]
[Tiebreak "Cut1 Buchholz+Sonneborn-Berger (Swiss)"]
[SourceTitle "playchess.com"]
[Source "ChessBase"]
[SourceQuality "1"]

{[%evp 15,115,22,33,35,42,20,34,24,27,21,35,22,31,2,0,3,33,31,17,-14,0,0,0,0,0,
0,0,0,0,0,5,0,10,-26,0,0,0,0,13,19,11,11,0,25,18,0,0,-19,-25,-20,-16,-19,-17,
-17,12,13,15,21,22,22,14,16,26,16,20,20,266,163,175,176,462,336,543,536,522,
514,1240,1099,2217,2112,1643,1167,4956,4827,2151,1628,2210,6447,6040,6061,
29981,29982,29982,29983,29985,29986,29988,29989,29989,29990,29991,29992]} 1. e4
c5 2. Nf3 d6 3. d4 cxd4 4. Nxd4 Nf6 5. Nc3 a6 6. Be3 e5 7. Nb3 Be6 8. f3 h5 9.
Nd5 {B90: Sicilian Najdorf: Unusual White 6th moves, 6 Be3 Ng4 and 6 Be3 e5.}
Bxd5 10. exd5 Nbd7 11. Qd2 {White is slightly better.} g6 12. Be2 Qc7 13. c4 a5
14. Rc1 {is cutting edge theory.} a4 15. Na1 Qa5 16. Qxa5 Rxa5 {[#]} 17. Bd2 $5
$146 {[%mdl 8] New and interesting.} ({Predecessor:} 17. Bf2 Bh6 18. Rd1 O-O
19. Nc2 e4 20. Na3 exf3 21. gxf3 Re8 22. Nb5 Bf8 23. Bg3 {1/2-1/2 (55)
Moskalenko,A (2954)-Vykouk,J (2608) Chess.com INT 2020}) 17... Ra8 18. Bb4 Bh6
19. Rd1 Ke7 20. Nc2 Rac8 21. Kf2 h4 22. Na3 Nc5 23. Nb5 Nfd7 24. Ba5 Ra8 25.
Bb4 f5 26. Bd3 Rhc8 27. Bb1 Nb6 28. b3 axb3 29. axb3 Ra1 30. Bxc5 Rxc5 31. g4 {
[#]} Rxb5 $1 32. cxb5 Kf6 33. gxf5 gxf5 34. Rhg1 {With the idea Rg8.} Bf4 35.
Rg8 {Black must now prevent Rf8+.} Bxh2 36. Rf8+ Ke7 37. Rb8 Nxd5 {Strongly
threatening ...Bg3+.} 38. Rxb7+ ({Reject} 38. Rxd5 Rxb1 39. Ke2 (39. Rxb7+ Ke6
$17) 39... Ke6 $17) 38... Kf6 $1 {Hoping for ...Bg3+.} 39. b6 {aiming for Rd7.}
Bg3+ 40. Kg1 e4 $2 {A mistake that costs the game.} 41. fxe4 (41. Rxd5 Rxb1+
42. Kg2 Rb2+ 43. Kh1 exf3 44. Rd1 Rh2+ 45. Kg1 f2+ 46. Kf1 Rh1+ 47. Ke2 Rxd1
48. Kxd1 f1=Q+ 49. Kc2 Qg2+ 50. Kc1 Bf4+ 51. Kb1 Be5 52. Rf7+ Kxf7 53. Kc1 Qb2+
54. Kd1 Bc3 55. b7 Qd2#) 41... Nc3 {[#]} 42. Rf1 {Threatens to win with Rc7.}
h3 $2 (42... Rxb1 43. Rxb1 Nxb1) 43. Bd3 Ra2 (43... Rxf1+ 44. Bxf1 h2+ 45. Kg2
Be5) 44. Rxf5+ $18 Ke6 {[#]} 45. Rh7 $1 {[%cal Rh7h3]} Rg2+ (45... h2+ $142 46.
Kh1 Ra1+ 47. Rf1 Rxf1+ 48. Bxf1 Nxe4 49. Rxh2 d5 50. Rh6+ Ke7) 46. Kf1 Rh2 47.
Bc4+ d5 48. Bxd5+ Kd6 49. Rh6+ Kc5 50. Rc6+ Kb4 {[#]} 51. Rxc3 $1 Rh1+ 52. Ke2
Kxc3 {[%mdl 4096] Endgame KRB-KRB} 53. Rf3+ {[%mdl 64] Double Attack. White
mates.} Kd4 54. Rxg3 h2 55. Rh3 Rc1 56. b7 Rc2+ 57. Kd1 Rc3 58. Rxh2 {Weighted
Error Value: White=0.12/Black=0.36} 1-0

[Event "FIDE Chesscom Grand Swiss 2021"]
[Site "Riga"]
[Date "2021.11.05"]
[Round "9.31"]
[White "Erigaisi Arjun"]
[Black "Kuybokarov, Temur"]
[Result "1/2-1/2"]
[WhiteElo "2634"]
[BlackElo "2549"]
[Annotator "TA"]
[PlyCount "244"]
[EventDate "2021.10.27"]
[EventType "swiss"]
[EventCountry "LAT"]
[Tiebreak "Cut1 Buchholz+Sonneborn-Berger (Swiss)"]
[SourceTitle "playchess.com"]
[Source "ChessBase"]
[SourceQuality "1"]

{[%evp 9,243,-2,-2,0,0,-12,-5,-2,0,-19,-19,-38,-7,-47,-40,-56,-46,-49,-7,-31,
-32,-38,-22,-28,-10,-8,-3,-8,-9,-12,13,14,14,0,0,0,0,-14,-13,-16,-12,-20,-10,
-16,-14,-22,-7,-12,-12,-12,-8,-16,-8,-18,-18,-14,-15,-16,-13,-31,0,-31,-6,-30,
-29,-30,-30,-47,-28,-43,-43,-43,-36,-61,-46,-46,-46,-46,-46,-54,-54,-55,-56,
-56,-56,-56,-56,-57,-55,-60,-54,-74,-75,-141,-112,-174,-174,-165,-172,-281,
-293,-277,-48,-277,-291,-273,-262,-288,-283,-279,-266,-275,-273,-239,-235,-220,
-192,-197,-192,-317,-317,-361,-361,-361,-219,-227,-204,-204,-197,-361,-361,
-361,-204,-350,-361,-361,-350,-339,-212,-212,-212,-212,-212,-212,-162,-162,
-162,-162,-162,-162,-162,-162,-162,-162,-162,-162,-162,-162,-162,-162,-162,
-162,-162,-162,-162,-162,-162,-162,-162,-162,-162,-162,-162,-162,-162,-162,
-162,-161,-147,-147,-85,-162,-162,-162,-162,-162,-147,-147,-147,-147,-146,-146,
-82,-82,-81,-146,-146,-146,-146,-146,-146,-146,-131,-139,-131,-117,-85,-85,-40,
-85,-85,-85,-51,-51,-51,-51,-51,-111,-85,-85,-85,-85,-64,-85,-51,-77,-77,-130,
-85,-85,-8,-8,-8,-8,-8,-8]} 1. e4 e5 2. Nc3 Nf6 3. Bc4 Bc5 4. d3 c6 5. Nf3 d6
6. a3 {C27: Vienna Game: 2...Nf6 3 Bc4 Nxe4.} Bb6 7. h3 Nbd7 {[%cal Bb8d7,
Bd7e5,Be5g6][%mdl 32]} 8. O-O h6 {[#]} 9. d4 $146 ({Predecessor:} 9. Be3 O-O
10. Bxb6 axb6 11. Ne2 b5 12. Ba2 Re8 13. Ng3 Nf8 14. c3 N6h7 15. d4 {0-1 (28)
Skliarov,V (2353)-Horton,A (2397) Katowice 2017}) 9... exd4 10. Nxd4 O-O (10...
Ne5 $5 {[%cal Re5c4]} 11. Be2 O-O $11) 11. Nb3 Ne5 12. Be2 Re8 13. Bf4 Ng6 14.
Bxd6 Nxe4 15. Nxe4 Rxe4 16. Bd3 Re8 17. Bxg6 fxg6 18. c4 Qg5 19. Qc1 Be6 20.
Qxg5 hxg5 21. c5 Bd8 22. Nd4 Bd5 23. Nc2 Bf6 24. Ne3 Bb3 ({Much worse is} 24...
Bxb2 25. Rab1 $16) 25. Rfe1 Re6 ({Of course not} 25... Bxb2 26. Rab1 $14) 26.
Re2 Rd8 27. Rc1 Bd4 28. Rce1 Rde8 29. Rd2 Re4 30. Rd3 Ba4 31. Rb1 Bb5 32. Rd2
Bxe3 33. fxe3 Rxe3 34. Rc1 a5 35. Rf2 a4 36. Rcc2 R3e4 37. Kh2 Bc4 38. Rc3 Bd5
39. Rd3 Kh7 40. Rdd2 g4 41. hxg4 Rxg4 42. Rf4 Re4 43. Rxg4 Rxg4 $15 {[%mdl
4096] Endgame KRB-KRB} 44. Re2 g5 45. Be5 Rc4 46. Bc3 Rxc5 47. Re7 b5 {[%cal
Bb7b5,Bb5b4][%mdl 32]} 48. Rxg7+ Kh6 49. Re7 Rc4 50. Kg3 Kh5 51. Rh7+ Kg6 52.
Re7 (52. Rh8 $17 {was necessary.}) 52... b4 $1 $19 {[%cal Rb4c3]} 53. Bxb4 Rc2
{[%csl LRb2,LRg2]} 54. Bc3 (54. Kh3 $142) 54... Rxg2+ 55. Kh3 g4+ 56. Kh4 Kf5
57. Be5 Be6 $1 58. Bg3 Rxb2 59. Rg7 Kf6 {White must now prevent ...Rb1.} 60.
Rg5 Bf5 61. Rh5 Rb3 62. Rh6+ Bg6 63. Kxg4 Rxa3 64. Rh1 (64. Rh8 {was worth a
try.}) 64... Rc3 65. Ra1 Bc2 66. Be1 Re3 67. Rc1 Re4+ 68. Kf3 Rc4 69. Ra1 $2 (
69. Ke2) 69... Ke5 70. Ke3 Kd5 (70... Bb3 $142 71. Bd2 Rh4 72. Bc3+ Kd5) 71.
Kd2 (71. Rc1 $142) 71... Bb3 72. Rc1 Rg4 73. Kc3 c5 74. Kb2 Rg2+ 75. Ka1 Bc2
76. Kb2 Bd3+ 77. Ka3 {[#]} Bc4 $1 {[%csl Gc4][%cal Rg2a2]} 78. Ra1 Bb3 79. Bc3
Kc4 80. Be5 Kb5 81. Bb2 Rg3 82. Rc1 Bd5+ 83. Rc3 Rg2 84. Rd3 Bg8 85. Rc3 Rg4
86. Re3 Bc4 87. Rc3 Bb3 88. Re3 Rh4 89. Rc3 Rh2 90. Re3 Bd5 91. Rd3 Be4 92. Re3
Bb1 93. Rg3 Rd2 94. Re3 Bd3 (94... Rf2 $142 95. Rc3 Be4) 95. Rh3 (95. Bc3 $17 {
was called for.} Rc2 96. Rxd3) 95... Be4 96. Re3 Bd5 97. Rg3 Be6 98. Re3 Rd6
99. Be5 Rb6 100. Bb2 Kc4 (100... Bd5 $142 101. Rd3 Bc4) 101. Rc3+ $17 Kd5 102.
Rd3+ {[#]} ({White should play} 102. Bc1) 102... Kc6 $1 103. Re3 Bd5 104. Rh3 {
intending Rh6+.} Rb4 105. Re3 Be4 106. Rc3 Rb7 107. Re3 Kd5 108. Rh3 Bf5 109.
Rf3 Bg6 110. Rg3 Rb6 111. Rg5+ Kc4 {And now ...Rb3+ would win.} 112. Rg4+ Kb5 {
...Rd6 is the strong threat.} 113. Rg3 (113. Rxa4 $15 Re6 114. Ra7) 113... Be4
114. Re3 Bb1 115. Re1 Bd3 {Threatens to win with ...Bc2.} 116. Rh1 Ka6 {
Strongly threatening ...Rb3+.} 117. Rc1 Rb3+ 118. Ka2 (118. Kxa4 $142 Rxb2 119.
Rxc5) 118... Kb5 119. Rc3 Kb4 ({Black should try} 119... Rxc3 $17 120. Bxc3 Kc4
) 120. Rxb3+ $11 {The position is equal.} axb3+ 121. Ka1 c4 {Hoping for ...Be2.
} 122. Bc3+ Kxc3 {White happily takes the draw.  Weighted Error Value: White=0.
11/Black=0.05} 1/2-1/2

[Event "FIDE Chesscom Grand Swiss 2021"]
[Site "Riga"]
[Date "2021.11.05"]
[Round "9.32"]
[White "Ponomariov, Ruslan"]
[Black "Indjic, Aleksandar"]
[Result "1/2-1/2"]
[WhiteElo "2631"]
[BlackElo "2612"]
[Annotator "TA"]
[PlyCount "80"]
[EventDate "2021.10.27"]
[EventType "swiss"]
[EventCountry "LAT"]
[Tiebreak "Cut1 Buchholz+Sonneborn-Berger (Swiss)"]
[SourceTitle "playchess.com"]
[Source "ChessBase"]
[SourceQuality "1"]

{[%evp 10,80,47,50,35,37,35,33,43,20,33,24,25,16,32,23,27,0,0,0,0,0,0,-12,20,
-18,-25,-14,-7,-27,-14,-14,-14,-14,-17,-16,-16,-16,-16,-18,-14,-19,-6,-39,0,0,
0,0,0,-8,0,-10,0,0,0,0,0,0,0,-8,-8,-8,-8,-8,-8,-15,0,0,0,-8,0,0,0]} 1. e4 e5 2.
Nf3 Nc6 3. Bb5 a6 4. Ba4 Bc5 5. c3 Nge7 6. O-O Ng6 {C64: Ruy Lopez: Classical
Defence (3...Bc5) except 4 0-0 Nf6.} 7. d4 Ba7 8. Re1 O-O {White is slightly
better.} 9. h3 d6 {[#]} 10. Be3 $146 ({Predecessor:} 10. d5 Nce7 11. g4 Kh8 12.
c4 Ng8 13. Nc3 Nh4 14. Nxh4 Qxh4 15. Qf3 h5 16. gxh5 Bxh3 {0-1 (55) Csalami,G 
(1706)-Strenner,Z (2065) Budapest 2014}) 10... h6 11. Nbd2 exd4 12. cxd4 Nce7
13. d5 Bxe3 14. Rxe3 f5 15. Rc1 Nf4 16. Bb3 Kh8 17. Qc2 fxe4 18. Qxe4 Neg6 19.
Nd4 c6 20. N2f3 c5 21. Ne6 Bxe6 22. dxe6 {[#] Threatens to win with e7.} d5 23.
e7 $1 {[%cal Re7d8]} dxe4 24. exd8=Q Raxd8 25. Rxe4 Nd3 26. Rc3 b5 27. Bc2 {
The position is equal.} Ngf4 28. Bxd3 Nxd3 29. b3 Rd5 30. Re3 Rfd8 31. g3 Nb4
32. a3 Rd1+ 33. Re1 R1d3 34. Re3 ({Of course not} 34. Rxc5 Rxf3 35. axb4 Rd2
$11) 34... Rxc3 35. Rxc3 $11 {[%mdl 4096] Endgame KRN-KRN} Rd1+ 36. Kg2 Nd3 37.
Rc2 Rb1 38. Rc3 Rd1 39. Rc2 Ra1 40. Rc3 c4 {Weighted Error Value: White=0.05/
Black=0.05} 1/2-1/2

[Event "FIDE Chesscom Grand Swiss 2021"]
[Site "Riga"]
[Date "2021.11.05"]
[Round "9.33"]
[White "Sadhwani, Raunak"]
[Black "Dreev, Aleksey"]
[Result "1-0"]
[WhiteElo "2609"]
[BlackElo "2635"]
[Annotator "TA"]
[PlyCount "107"]
[EventDate "2021.10.27"]
[EventType "swiss"]
[EventCountry "LAT"]
[Tiebreak "Cut1 Buchholz+Sonneborn-Berger (Swiss)"]
[SourceTitle "playchess.com"]
[Source "ChessBase"]
[SourceQuality "1"]

{[%evp 9,107,11,6,2,10,12,11,9,6,6,11,11,5,4,6,0,0,0,11,11,10,12,17,8,11,11,17,
14,23,7,28,18,52,62,55,58,64,28,49,52,54,52,51,41,53,64,56,18,21,27,58,30,40,
26,29,30,55,0,0,-7,-10,-6,-8,-51,0,0,0,0,0,0,60,0,52,8,8,8,68,51,287,201,202,
202,184,195,413,401,5206,5197,5197,5197,5081,875,29980,29981,29981,29982,29981,
29982,29986,29987]} 1. c4 e6 2. g3 d5 3. Bg2 Nf6 4. Nf3 dxc4 5. Qa4+ Bd7 6.
Qxc4 {A13: English Opening: 1...e6.} c5 7. Ne5 Qc8 8. Qd3 $1 {The position is
equal. 8.Qd3 is better than 8.0-0.} Nc6 9. Nxd7 Nxd7 10. Nc3 Be7 11. b3 O-O 12.
O-O Rd8 13. Rd1 Nf6 {[#]} 14. Qc2 $146 ({Predecessor:} 14. Qb1 Qd7 15. Bb2 Rac8
16. e3 b6 17. h3 Nd5 18. Ne2 Qc7 19. a3 Bf6 20. Bxf6 Nxf6 {1/2-1/2 (42) Almasi,
Z (2702)-Keinanen,T (2402) Batumi 2018}) 14... Nd4 15. Qb1 Qd7 16. Bb2 Rac8 17.
e3 Nc6 18. d3 Nd5 19. Ne4 f5 20. Nc3 Bf6 21. Nxd5 Bxb2 22. Qxb2 {[#] Threatens
to win with Nf4.} exd5 23. a3 (23. Rac1 $5 {[%cal Rc1c5]}) 23... a5 24. Rac1
Qd6 25. d4 cxd4 26. exd4 Ne7 27. Rxc8 Rxc8 28. Qe2 Kf7 29. Re1 g6 30. h4 h5 31.
Qb5 b6 32. Re5 {[%cal Rg2d5]} Rd8 33. Qe2 (33. Qa6 $14) 33... Qxa3 $11 34. Re6
{Hoping for Qe5.} Qc1+ 35. Kh2 $132 {[%mdl 2048] White is not holding back} Qc7
({Don't play} 35... Nc6 $6 36. Re3 $16) 36. Bf3 f4 (36... Ng8 $1 $15) 37. g4
hxg4 38. Bxg4 Rh8 39. Kh3 Rh7 ({Black should try} 39... Qc3+ $11 40. f3 Qc7)
40. Re5 (40. Qe5 $1 $14 Qxe5 41. dxe5) 40... Qd8 (40... Kf8 $11) 41. Qf3 Nf5 $1
{[%mdl 64] [#] Double Attack} 42. h5 Kf8 (42... Qg5 $11) 43. Rxd5 $14 Qh4+ {
This move loses the game for Black.} (43... Qg5 $14) 44. Kg2 $18 Qg5 45. Kf1 {
aiming for hxg6.} Rf7 ({Avoid the trap} 45... Rc7 $2 46. hxg6 Nh4 47. Rxg5 $18)
46. hxg6 Qxg6 47. Bh5 Ne3+ (47... Nh4 $142 48. Rd8+ Kg7) 48. fxe3 Qd3+ 49. Kg2
Rg7+ 50. Bg4 {White wants to mate with Rd8+.} Rxg4+ 51. Qxg4 {White mates.}
Qd2+ 52. Kh3 Qxe3+ 53. Kh4 Qe1+ 54. Kg5 {Weighted Error Value: White=0.09/
Black=0.34} 1-0

[Event "FIDE Chesscom Grand Swiss 2021"]
[Site "Riga"]
[Date "2021.11.05"]
[Round "9.34"]
[White "Svidler, Peter"]
[Black "Onyshchuk, Volodymyr"]
[Result "1-0"]
[WhiteElo "2694"]
[BlackElo "2622"]
[Annotator "TA"]
[PlyCount "93"]
[EventDate "2021.10.27"]
[EventType "swiss"]
[EventCountry "LAT"]
[Tiebreak "Cut1 Buchholz+Sonneborn-Berger (Swiss)"]
[SourceTitle "playchess.com"]
[Source "ChessBase"]
[SourceQuality "1"]

{[%evp 10,93,18,20,14,23,17,17,22,14,16,9,41,28,41,39,30,0,0,0,-13,-13,25,28,
40,27,41,43,56,6,14,0,0,0,79,72,135,124,171,171,143,58,29,0,0,0,0,0,0,0,77,41,
156,120,229,232,253,237,468,470,495,502,509,496,474,506,494,506,471,504,507,
506,560,560,512,541,717,712,685,474,644,459,591,578,2120,1792]} 1. e4 c6 2. d4
d5 3. e5 Bf5 4. Nd2 e6 5. Nb3 Nd7 6. Nf3 h6 {B12: Caro-Kann: Advance Variation.
} 7. Be2 Ne7 8. O-O g5 {The position is equal.} 9. Bd2 {9.a4 is the modern
continuation.} Bg7 10. a4 O-O 11. Bb4 f6 12. exf6 Rxf6 {[#]} 13. Bd6 $146 ({
Predecessor:} 13. a5 Ng6 14. Bd6 Bf8 15. Bg3 Rf7 16. Re1 g4 17. Nfd2 h5 18. f3
Qg5 19. fxg4 hxg4 {0-1 (42) Arenas Vanegas,D (2455)-Henriquez Villagra,C (2608)
Chess.com INT 2021}) 13... Rf7 14. Re1 Ng6 15. Bd3 Qf6 16. Ne5 Ngxe5 17. dxe5
Qg6 18. a5 {[%cal Ba4a5,Ba5a6][%mdl 32]} Bxd3 19. cxd3 Bf8 20. a6 b6 21. Nd4
Bxd6 (21... Nc5 $11) 22. exd6 $16 Qf6 (22... e5 $142 23. Nxc6 Qxd6) 23. Nxc6
Qxf2+ 24. Kh1 Qxb2 {[#]} 25. Rxe6 ({White should try} 25. d4 $1 $16 {Strongly
threatening Qd3.} Qb5 26. Rc1) 25... Nc5 $14 {[%cal Rc5e6]} 26. Re2 (26. Re1 {
feels hotter.} Raf8 27. Ne5 Ne4 28. dxe4 Qxe5 29. Qxd5 Qxd5 30. exd5 Rf6 31.
Rac1) 26... Qf6 27. Ne5 Rff8 28. Rc1 d4 29. d7 Rad8 (29... Qd6 $1 $11) 30. h3
Nxd7 {Black is now going downhill.} (30... Qd6 $1 $14) 31. Ng4 $36 {[%mdl 2048]
Keeping Black busy.} Qf4 (31... Qg6 $16) 32. Re4 $18 {[%mdl 1024] White has
strong compensation.} Qd6 {[#] White should prevent ...Nc5.} 33. Qb3+ $1 Kh8 $2
(33... Kg7) 34. Re6 {[%mdl 64] Double Attack. White is clearly winning.} Qf4
35. Rce1 ({Not} 35. Rxh6+ Kg7 $11) 35... Nf6 36. Ne5 Qf5 37. Re7 Nd5 38. Rxa7
g4 39. Nxg4 Rde8 40. Rg1 h5 41. Nh6 Qe6 {[#] If Black can now play ...Rd8 this
consolidates a bit.} 42. Qc4 $1 Nf4 (42... Ne3 43. Qxd4+) 43. Qxd4+ Qf6 44.
Qxf6+ Rxf6 {[#]} 45. Rb7 $1 {Hoping for a7.} Ra8 {[#]} (45... Rxh6 46. a7) 46.
a7 Nxd3 (46... Rxa7 47. Rxa7) 47. Nf7+ {Weighted Error Value: White=0.11/
Black=0.30} 1-0

[Event "FIDE Chesscom Grand Swiss 2021"]
[Site "Riga"]
[Date "2021.11.05"]
[Round "9.35"]
[White "Kravtsiv, Martyn"]
[Black "Van Foreest, Jorden"]
[Result "0-1"]
[WhiteElo "2625"]
[BlackElo "2691"]
[Annotator "TA"]
[PlyCount "52"]
[EventDate "2021.10.27"]
[EventType "swiss"]
[EventCountry "LAT"]
[Tiebreak "Cut1 Buchholz+Sonneborn-Berger (Swiss)"]
[SourceTitle "playchess.com"]
[Source "ChessBase"]
[SourceQuality "1"]

{[%evp 13,52,29,52,45,112,32,40,44,81,0,0,0,0,0,0,0,0,0,0,0,0,0,-4,-36,-46,
-107,-104,-102,-109,-127,-115,-148,-123,-154,-153,-214,-208,-212,-198,-281,
-286]} 1. e4 c6 2. d4 d5 3. e5 Bf5 4. Nf3 e6 5. Be2 c5 6. Be3 Qb6 7. Nc3 Nc6 8.
O-O {B12: Caro-Kann: Advance Variation.} Qxb2 (8... c4 $14) 9. Qe1 {9.Qe1 is
better than 9.Nb5.} (9. Nb5 $16) 9... c4 {[#] aiming for ...Bb4.} 10. Rb1 {
White is slightly better.} Qa3 $5 {[%mdl 4] [#] An interesting side line.} 11.
Rxb7 $146 (11. Nb5 $16 Qa4 12. Nc7+ {[%mdl 64] Double Attack, Discovered Attack
} Kd8 13. Nxa8) ({Predecessor:} 11. Nb5 Qa4 12. Nc7+ Kd7 13. Nxa8 b5 14. c3 Ba3
15. Bc1 Be7 16. Rb2 Nh6 17. Bd1 {1-0 (57) Anand,V (2753)-Xiong,J (2700) Chess.
com INT 2021}) 11... Bb4 $11 12. Nb5 Bxe1 13. Nxa3 Nd8 $36 {[%mdl 2048] And
now ...Bxf2+! would win. Black has the initiative.} 14. Rb1 $1 Ba5 15. Nh4 Be4
16. f3 Bg6 17. f4 {f5 is the strong threat.} Be4 18. f5 {Hoping for Nb5.} Ne7 {
[%cal Re6f5]} 19. f6 ({White should try} 19. fxe6 $15 Nxe6 20. Nb5) 19... gxf6
$17 20. Rxf6 a6 21. Bf3 Bxf3 22. Rxf3 Nec6 23. Bf2 Bb4 24. Rb2 {[#]} (24. g3
$17) 24... c3 $1 $19 {[%cal Rc3b2]} 25. Rb3 Rb8 26. Rd3 (26. Nb1 $142 Na5 27.
Re3) 26... Bxa3 {Weighted Error Value: White=0.33/Black=0.08} 0-1